000 00553nam a2200193Ia 4500
005 20250508150408.0
008 008 250505s9999 xx 000 0 eng d
037 _aTextual
040 _aFEDL
_beng
_cFEDL
041 _aeng
_2eng
084 _a021, FLE
_qFEDL
100 _aFlexner Jennie M
_944236
245 0 _aMaking books work: A guide to the use of libraries
260 _aNew York, USA
_bSimon and Schuster
_c1943
300 _axiii,271p.
650 _aLibrary Science
942 _cTEXL
_h021, FLE
999 _c1323401
_d1323401